Anglický jazyk pro filology 2. /

Salvato in:
Dettagli Bibliografici
Autore principale: Peprník, Jaroslav (Autore)
Natura: Libro
Lingua:multilingua
Pubblicazione: Praha : Státní pedagogické nakladatelství, 1987
Tags: Aggiungi Tag
Nessun Tag, puoi essere il primo ad aggiungerne!!

MARC

LEADER 00000nam a22000003a 4500
001 stu17852
005 20150617225755.2
008 910717s1987----cs------------------mul-d
040 |a STU  |b slo 
041 0 |a mul 
044 |a cs 
080 |a 802.0 
100 1 |a Peprník, Jaroslav  |4 aut 
245 1 |a Anglický jazyk pro filology 2. /  |c [aut.]Peprník,Jaroslav 
260 |a Praha :  |b Státní pedagogické nakladatelství,  |c 1987 
300 |a 392 s 
996 |b C88070  |c C*88070  |l CCXVII  |s P  |a 0  |w stu17852_0001